| 000 | 00590nam a2200205Ia 4500 | ||
|---|---|---|---|
| 008 | 131103s9999 xx 000 0 und d | ||
| 020 | _aSBN340088508 | ||
| 040 | _aLoreto College | ||
| 041 | _aEnglish | ||
| 082 |
_a375.4/TUR _bLCLIB/26173 |
||
| 100 | _aTurner,John D. | ||
| 245 |
_aIntroduction to the language laboratory _cJohn D.Turner |
||
| 260 |
_aLondon _bUniversity Of London _c1965 (1968 printing) |
||
| 300 |
_a100 p. _c 22 cm. |
||
| 504 | _aIncludes bibliographical references | ||
| 650 | _aCurriculum | ||
| 651 | _aLanguage - Curricula | ||
| 850 | _aLCLIB | ||
| 942 | _cBK | ||
| 999 |
_c10694 _d61173 |
||